Регионална библиотека "Любен Каравелов" - Русе

Атила (Запис номер 76042)

MARC детайли
000 -Лидер
Контролно поле с фиксирана дължина 01358nam a2200337 c 4500
003 - Код на организацията, давaща контролен номер
Контролно поле BLK
005 - Дата и час на последна редакция
Контролно поле 20230221112536.0
008 - Елементи от данни с фиксирана дължина
fixed length control field 180408b bul|||||r ||||||| ||bul||
010 ## - Наследен системен номер
LC control number KNG00080468000
020 ## - Международен стандартен номер на книга ISBN
Международен стандартен номер на книга ISBN 954-361-004-5
-- издат.: Ирина Галчовска-Гея-11
040 ## - Източник на каталожния запис
Идентификатор на билиотеката - собственик на записа BLK
041 ## - Код за език
Код за езика на текст/звукозапис или на отделно заглавие Български
Код за езика КДБФ Български
080 ## - УДК
Текстов определител УДК Немска литература
УДК код - определител по УДК 821.112.2
УДК определител -311.6
УДК - код + определител 821.112.2-311.6
100 1# - Редна дума - Автор
Автор Дан, Феликс
Авторска отговорност първи автор
R(LIN) 291603
139 ## - Редно поле
Редна дума Дан, Феликс
Авторски знак Дан - Д 16
245 10 - Сведения за заглавието
Заглавие Атила
Редно поле (дума) Феликс Дан; прев. Мариян Петров.
257 ## - Страна на издаване
Страна на създаване/издаване Германия
260 ## - Област на издателските данни
-- София
Име на издателя, разпространителя и проч. Ирина Галчовска-Гея-11
Година на издаване 2006
Печатница София : Мултипринт
300 ## - Физическа характеристика
Страници 187 с.
Размери/Мащаб 20 см
380 ## - Жанр
Жанр Худож. лит.
490 1# - СЕРИИ (Колекции)
Име на серия Библиотека Посоки
490 1# - СЕРИИ (Колекции)
-- Подсерия
Име на серия Поредица Исторически романи
500 ## - Общи забележки
Забележка Ориг. загл. Atila / Felix Dahn. - На загл. с. местоизд. означено София. - Офс. изд. - Съдържа и Речник.
653 ## - Ключова дума – ненормативна
Ключова дума исторически романи
700 1# - Други автори (авторска отговорност)
Лично име Петров, Мариян
Автороска отговорност (Описва отношението между автора и произведението) прев.
9 (RLIN) 370915
852 ## - Местоположение
Форматна сигнатура Цб 237709
856 4# - Електронен адрес и достъп
Електронен формат pdf - файл
Път до файла /url/
856 4# - Електронен адрес и достъп
Електронен формат pdf - файл
Път до файла /url/
942 ## - АРТИКУЛИ
Вид на библиотечния материал Книги
Скрит в OPAC Не
Koha issues (borrowed), all copies 9
944 ## - СЪЗДАВАНЕ И РЕДАКЦИЯ на ЗАПИСА
Създаване/Редакция Създаване
Дата на регистрацията/редакция 17.01.2008
Служител, извършил регистрацията/редакцията Людмила_Стоянова
944 ## - СЪЗДАВАНЕ И РЕДАКЦИЯ на ЗАПИСА
Създаване/Редакция Редакция
Дата на регистрацията/редакция 25.10.2008
Служител, извършил регистрацията/редакцията
999 ## - СИСТЕМНИ КОНТРОЛНИ НОМЕРА
Koha biblionumber 76042
Koha biblioitemnumber 76042
Наличности
Код за отписване Код за изгубен артикул Код за повреда Коз за рестрикции Код за отдаване Артикулен № Име на библиотеката - собственик Име на библиотеката, в която се намира в момента Статус (Текущо местоположение) Дата на вписване в системата Местоположение - отдел Цена в лева Инвентарен номер Систематично азбучна сигнатура Баркод Номер на екземпляра Цена в евро Служебна бележка Служебен тип на артикула Източник на класификационната схема
  Не е изгубен Не е повреден без рестрикции ползва се в читалня 123674 Регионална библиотека "Любен Каравелов" Русе Регионална библиотека "Любен Каравелов" Русе Хранилище 2008-01-17 Хранилище 7.99 120000722169 Цб 237709 120000722169 1 4.09 Дост: Dp Вид: Д N: 39 Дата: 06.09.2007 Книги  
  Не е изгубен Не е повреден без рестрикции заемане за дома 754275 Регионална библиотека "Любен Каравелов" Русе Регионална библиотека "Любен Каравелов" Русе Заемна - подръчен фонд 2020-01-17 Заемна - подръчен фонд 7.99   П 830-31/Д 16 120000841491   4.09   Книги Universal Decimal Classification
Vip Innovations Ltd, Rousse, Bulgaria 2025